000 00547nam a2200193 a 4500
001 000040821
005 20201002034414.0
008 130909s1999 dr a 000 0 spa d
040 _aDO-SdBNP
_bspa
_cBNPHU
082 _axxxx
_bxxxxx
245 0 0 _aCrianza de patio.
260 _aSanto Domingo :
_bCEDAF,
_c1999.
300 _a30 p. :
_bil. ;
_c28 cm.
490 1 _aGuía técnica
_v7
490 1 _aPecuaria
710 1 _aCentro para el desarrollo agropecuario y forestal
_9519
830 0 _aGuía técnica
_v7
_963918
830 0 _aPecuaria
_967245
999 _c40311
_d40311